Landkreise im Saarland - Sudden Death - Statistiken

Allgemein
  • Dieses Quiz wurde 66 mal gespielt
  • Das Durchschnittsergebnis liegt bei 4 aus 6
Answers on the Grid
Answers color-coded by a green-red scale on the quiz's grid according to % correct below.
Saarpfalz-Kreis
Ottweiler
St. Ingbert
Merzig-Wadern
Saarburg
Neunkirchen
St. Wendel
Völklingen
Zweibrücken
Regionalverband Saarbrücken
Homburg
Forbach
Birkenfeld
Saarlouis
Saarland-Kreis
 
Antwortstatistiken
Antwort % Korrekt
Regionalverband Saarbrücken
74%
Neunkirchen
72%
Merzig-Wadern
70%
St. Wendel
70%
Saarlouis
58%
Saarpfalz-Kreis
56%
Keine übereinstimmenden Quizze gefunden
Verteilung der Resultate
Anzahl Personen mit jedem Resultat
Perzentil nach korrekt beantworteten Fragen
Ihre Resultats-Entwicklung
Sie haben dieses Quiz noch nicht gespielt